Countries by Partial Flag Images #8 - Statistics

General Stats
  • This quiz has been taken 10,493 times
  • The average score is 13 of 16
Answer Stats
Hint Answer % Correct
HTML tutorial Netherlands
98%
HTML tutorial Romania
96%
HTML tutorial Ivory Coast
95%
HTML tutorial Trinidad and Tobago
89%
HTML tutorial Palau
86%
HTML tutorial Lesotho
83%
HTML tutorial Mozambique
83%
HTML tutorial Antigua and Barbuda
82%
HTML tutorial Sudan
81%
HTML tutorial Samoa
79%
HTML tutorial South Sudan
79%
HTML tutorial East Timor
78%
HTML tutorial Suriname
78%
HTML tutorial Maldives
76%
HTML tutorial Equatorial Guinea
73%
HTML tutorial Rwanda
72%
No matching quizzes found
Score Distribution
Percent of People with Each Score
Percentile by Number Answered
Your Score History
You have not taken this quiz